Vplyv firemnej kultúry na angažovanosť a stabilizáciu zamestnancov v podmienkach systému manažérstva kvality

Zabezpečenie konkurencieschopnosti organizácie. Efektívny systém manažérstva kvality. Udržanie a stabilizácia zamestnancov. Charakteristika spokojnosti zamestnancov. Firemná kultúra a jej vplyv na zamestnancov. Manažérstvo firemnej kultúry.

Guardado en:
Detalles Bibliográficos
Autor principal: Vaňová, Jaromíra
Formato: Capítulo de libro
Lenguaje:eslovaco
Materias:
Etiquetas: Agregar Etiqueta
Sin Etiquetas, Sea el primero en etiquetar este registro!

MARC

LEADER 00000naa$a2200000$$$4500
001 0067829
005 20231012070914.8
041 0 |a slo 
044 |a SK 
245 1 0 |a Vplyv firemnej kultúry na angažovanosť a stabilizáciu zamestnancov v podmienkach systému manažérstva kvality  |c Jaromíra Vaňová 
520 |a Zabezpečenie konkurencieschopnosti organizácie. Efektívny systém manažérstva kvality. Udržanie a stabilizácia zamestnancov. Charakteristika spokojnosti zamestnancov. Firemná kultúra a jej vplyv na zamestnancov. Manažérstvo firemnej kultúry. 
610 2 0 |a systém riadenia kvality 
610 2 0 |a kultúra podniková 
610 2 0 |a zamestnanci 
610 2 0 |a stabilizácia pracovníkov 
100 1 |a Vaňová, Jaromíra